[Event "Titled Tue 27th May Early"]
[Site "chess.com INT"]
[Date "2025.05.27"]
[Round "2"]
[White "Burmakin, Evgeniy"]
[Black "Molina, Roberto Junio Brito"]
[Result "0-1"]
[WhiteTitle "FM"]
[BlackTitle "IM"]
[WhiteElo "2110"]
[BlackElo "2381"]
[WhiteFideId "4163729"]
[BlackFideId "2109450"]
[EventDate "2025.05.27"]

1. e4 c6 2. Nc3 d5 3. Nf3 dxe4 4. Nxe4 Bg4 5. d4 e6 6. Bd3 Bxf3 7. Qxf3 Qxd4 8.
O-O Nd7 9. c3 Qb6 10. Qg3 Ngf6 11. Be3 Qa5 12. b4 Qe5 13. Nxf6+ gxf6 14. Bd4
Qxg3 15. fxg3 Be7 16. g4 h6 17. h3 a5 18. a3 Ne5 19. Be2 axb4 20. axb4 O-O 21.
Kh2 Bd6 22. g3 Kg7 23. Kg2 Rfd8 24. h4 Nd7 25. g5 hxg5 26. hxg5 Be5 27. gxf6+
Bxf6 28. Rxa8 Rxa8 0-1

[Event "Titled Tue 27th May Early"]
[Site "chess.com INT"]
[Date "2025.05.27"]
[Round "2"]
[White "Uzdemir, Ali Poyraz"]
[Black "Moldagali, Beksultan"]
[Result "0-1"]
[WhiteTitle "CM"]
[BlackTitle "FM"]
[WhiteElo "2108"]
[BlackElo "2397"]
[WhiteFideId "51619733"]
[BlackFideId "13734768"]
[EventDate "2025.05.27"]

1. e4 d5 2. exd5 Qxd5 3. Nc3 Qa5 4. d4 Nf6 5. Nf3 Bf5 6. Bc4 e6 7. O-O Bb4 8.
Bd2 Nc6 9. a3 Bxc3 10. Bxc3 Qb6 11. d5 O-O-O 12. dxc6 Rxd1 13. cxb7+ Kxb7 14.
Rfxd1 Bxc2 15. Rd2 Be4 16. Ne5 Rf8 17. Rad1 Bd5 18. Bd4 Qd6 19. b4 Ne4 20. Rd3
f6 21. Bxd5+ Qxd5 22. Bc5 Qxe5 23. Bxf8 Nc3 24. Rf1 Ne2+ 25. Kh1 Nf4 26. Re3 Qd5
27. Rf3 g5 28. Bc5 Nxg2 29. Rd3 Qxd3 30. Kxg2 Qxa3 31. Re1 e5 32. Rc1 Qxc1 0-1

[Event "Titled Tue 27th May Early"]
[Site "chess.com INT"]
[Date "2025.05.27"]
[Round "2"]
[White "Maslovskiy, Vladimir"]
[Black "Rodriguez Polo, Mateo"]
[Result "1-0"]
[WhiteTitle "FM"]
[BlackTitle "CM"]
[WhiteElo "2370"]
[BlackElo "2219"]
[WhiteFideId "24273546"]
[BlackFideId "24509396"]
[EventDate "2025.05.27"]

1. e4 e6 2. d4 d5 3. e5 c5 4. c3 Nc6 5. Nf3 Bd7 6. Be2 Nge7 7. Na3 Ng6 8. Nc2
Be7 9. O-O O-O 10. g3 cxd4 11. cxd4 f6 12. exf6 Bxf6 13. h4 Rc8 14. h5 Nh8 15.
Bf4 Nf7 16. Qd2 Qb6 17. b4 Kh8 18. Rac1 e5 19. dxe5 Ncxe5 20. Ne3 d4 21. Nd5 Qe6
22. Nxf6 Qxf6 23. Nxd4 Bh3 24. Rxc8 Rxc8 25. Rc1 Rd8 26. Be3 Nd6 27. Bg5 Qf8 28.
Bxd8 Qxd8 29. Nf3 Ng4 30. Rd1 Qb6 31. Qd4 Qc6 32. Qxd6 1-0

[Event "Titled Tue 27th May Early"]
[Site "chess.com INT"]
[Date "2025.05.27"]
[Round "2"]
[White "Leon Acevedo, Juan Alejandro"]
[Black "Grunberg, Mihai-Lucian"]
[Result "0-1"]
[WhiteTitle "CM"]
[BlackTitle "IM"]
[WhiteElo "2040"]
[BlackElo "2401"]
[WhiteFideId "4459261"]
[BlackFideId "1204149"]
[EventDate "2025.05.27"]

1. d4 d5 2. c4 e6 3. Nc3 Nf6 4. Bg5 Be7 5. e3 O-O 6. Nf3 c6 7. Bd3 Nbd7 8. O-O
dxc4 9. Bxc4 b5 10. Bd3 Bb7 11. Ne4 Nxe4 12. Bxe7 Nxf2 13. Bxh7+ Kh8 14. Rxf2
Qxe7 15. Bd3 f5 16. h4 Rf6 17. Ng5 Rh6 18. g3 Nf6 19. Qf1 Ng4 20. Re2 c5 21. Qf4
Rd8 22. Bxb5 cxd4 23. exd4 Qb4 24. Nf7+ Kh7 25. Nxd8 Qxb5 26. Rxe6 Rxe6 27. Nxe6
Qd5 28. Ng5+ Kg6 29. Nf3 Qxf3 30. Qxf3 Bxf3 31. Rc1 Bd5 32. b3 Nf6 33. Rc7 a6
34. Ra7 Ne4 35. Kh2 Nd2 36. Rxa6+ Kh5 37. Ra5 Be4 38. a4 Kg4 39. Ra6 Nf1+ 40.
Kg1 Nxg3 41. Rg6+ Kxh4 42. a5 f4 43. Rxg7 f3 44. Rf7 Nf5 45. a6 Kg3 46. a7 f2+
47. Kf1 Bd3# 0-1

[Event "Titled Tue 27th May Early"]
[Site "chess.com INT"]
[Date "2025.05.27"]
[Round "2"]
[White "May Sanchez, Andres Elias"]
[Black "Yang, ZiLong"]
[Result "0-1"]
[WhiteTitle "CM"]
[BlackTitle "FM"]
[WhiteElo "2209"]
[BlackElo "2326"]
[WhiteFideId "5150973"]
[BlackFideId "8641528"]
[EventDate "2025.05.27"]

1. Nf3 c5 2. c4 Nc6 3. Nc3 Nf6 4. d4 cxd4 5. Nxd4 e6 6. e4 Bb4 7. Qd3 d5 8. exd5
exd5 9. Nxc6 bxc6 10. Be2 d4 11. a3 Ba5 12. b4 Bc7 13. Na4 O-O 14. O-O Re8 15.
Bf3 Ng4 16. Bxg4 Bxg4 17. f3 Qh4 18. g3 Bxg3 19. hxg3 Qxg3+ 20. Kh1 Bh3 21. Rg1
Bg2+ 22. Rxg2 Re1+ 23. Rg1 Rxg1# 0-1

[Event "Titled Tue 27th May Early"]
[Site "chess.com INT"]
[Date "2025.05.27"]
[Round "2"]
[White "Avramidou, Anastasia"]
[Black "Beniosev, Daniel"]
[Result "0-1"]
[WhiteTitle "FM"]
[BlackTitle "CM"]
[WhiteElo "2294"]
[BlackElo "2010"]
[WhiteFideId "4239873"]
[BlackFideId "11632674"]
[EventDate "2025.05.27"]

1. Nf3 c5 2. c4 Nc6 3. Nc3 g6 4. g3 Bg7 5. Bg2 d6 6. O-O e6 7. e3 Nge7 8. d4
cxd4 9. exd4 d5 10. c5 O-O 11. a3 b6 12. b4 bxc5 13. bxc5 Ba6 14. Re1 Rb8 15.
Bf4 Rb7 16. Qa4 Qa5 17. Qxa5 Nxa5 18. Be5 Bxe5 19. Nxe5 Nf5 20. Rad1 Rb3 21.
Nxd5 exd5 22. Bxd5 Rxa3 23. Nxf7 Rxf7 24. g4 Nh6 25. Re7 Kf8 26. Re6 Bc4 27.
Bxc4 Nxc4 28. d5 Nxg4 29. d6 Nge5 30. f4 Rxf4 31. d7 Nxd7 32. Rxd7 Raf3 33. Rd1
Ne3 34. Rxe3 Rxe3 35. Rc1 Rf7 36. c6 Rc7 37. Kf2 Re6 0-1

[Event "Titled Tue 27th May Early"]
[Site "chess.com INT"]
[Date "2025.05.27"]
[Round "2"]
[White "Idani, Pouya"]
[Black "Fellowes, Billy"]
[Result "1-0"]
[WhiteTitle "GM"]
[BlackTitle "CM"]
[WhiteElo "2630"]
[BlackElo "2193"]
[WhiteFideId "12510130"]
[BlackFideId "483540"]
[EventDate "2025.05.27"]

1. d4 c5 2. d5 e5 3. e4 d6 4. Nc3 Ne7 5. a4 f5 6. exf5 Bxf5 7. Bb5+ Nd7 8. Nge2
a6 9. Bd3 Nf6 10. Ng3 Bxd3 11. Qxd3 Qd7 12. O-O g6 13. f4 exf4 14. Bxf4 Bg7 15.
Nge4 Nxe4 16. Nxe4 O-O 17. Bxd6 Rxf1+ 18. Rxf1 Nf5 19. Bxc5 Qxa4 20. b3 Qd7 21.
c4 Re8 22. Bf2 b5 23. c5 Be5 24. b4 Qe7 25. d6 Qd7 26. Qd5+ Kh8 27. c6 Qd8 28.
d7 Re7 29. Bc5 Bc7 30. Bxe7 Qxe7 31. g3 Ne3 32. Qd4+ 1-0

[Event "Titled Tue 27th May Early"]
[Site "chess.com INT"]
[Date "2025.05.27"]
[Round "2"]
[White "Herrera Ortiz, Miguel"]
[Black "Ugarte Soto, Cesar"]
[Result "1-0"]
[WhiteTitle "IM"]
[BlackTitle "CM"]
[WhiteElo "2174"]
[BlackElo "2088"]
[WhiteFideId "5100550"]
[BlackFideId "3601331"]
[EventDate "2025.05.27"]

1. c4 e6 2. Nf3 d5 3. g3 Nf6 4. Bg2 dxc4 5. Qa4+ Nbd7 6. Qxc4 a6 7. Qc2 c5 8. b3
Rb8 9. Bb2 b5 10. O-O Bb7 11. d3 Be7 12. Nbd2 O-O 13. Rac1 Qb6 14. Qb1 Rbc8 15.
h3 Rfd8 16. Qa1 Nf8 17. Rfe1 Ng6 18. Nf1 Nd5 19. Bxg7 f6 20. Bh6 e5 21. N1h2 Kf7
22. Ng4 Rg8 23. Bd2 h5 24. Nh6+ Ke6 25. Nxg8 Rxg8 26. h4 Kf7 27. e3 Qe6 28. Kh2
Bc8 29. Ng1 Nxh4 30. gxh4 Qg4 31. Bxd5+ Kf8 32. Bxg8 Qxh4+ 33. Kg2 Kxg8 34. e4
Bg4 35. Re3 1-0

[Event "Titled Tue 27th May Early"]
[Site "chess.com INT"]
[Date "2025.05.27"]
[Round "2"]
[White "Atakhan, Abtin"]
[Black "Kopczynski, Michal"]
[Result "1-0"]
[WhiteTitle "IM"]
[BlackTitle "CM"]
[WhiteElo "2410"]
[BlackElo "2225"]
[WhiteFideId "22502203"]
[BlackFideId "1124200"]
[EventDate "2025.05.27"]

1. d4 Nf6 2. Nf3 g6 3. c4 Bg7 4. Nc3 d6 5. e4 O-O 6. Be2 e5 7. O-O Nc6 8. d5 Ne7
9. Ne1 Ne8 10. Nd3 f5 11. f3 f4 12. b4 g5 13. c5 h5 14. a4 Rf6 15. a5 Rg6 16. c6
bxc6 17. dxc6 Nxc6 18. Nxf4 exf4 19. Qd5+ Be6 20. Qxc6 Rb8 21. b5 g4 22. Bxf4
Qf6 23. Nd5 Qd4+ 24. Be3 Bxd5 25. Qxd5+ Qxd5 26. exd5 Bxa1 27. Rxa1 gxf3 28.
Bxf3 Rxb5 29. Bxa7 Nf6 30. Bd4 Kf7 31. a6 Rg8 32. Be2 Rb4 33. Bc3 Rb3 34. Rc1
Ra3 35. Bb2 Ra2 36. Rxc7+ Kg6 37. Bd3+ Kg5 38. Bc1+ Kg4 39. Rc4+ 1-0

[Event "Titled Tue 27th May Early"]
[Site "chess.com INT"]
[Date "2025.05.27"]
[Round "2"]
[White "Birkisson, Bjorn Holm"]
[Black "Deboushnik De"]
[Result "0-1"]
[WhiteTitle "CM"]
[BlackTitle "CM"]
[WhiteElo "2123"]
[BlackElo "2207"]
[WhiteFideId "2310600"]
[BlackFideId "25768778"]
[EventDate "2025.05.27"]

1. Nf3 Nf6 2. e3 g6 3. b4 Bg7 4. Bb2 O-O 5. Be2 d6 6. O-O e5 7. d3 Nc6 8. b5 Ne7
9. c4 Nd7 10. Nbd2 f5 11. Nb3 c5 12. d4 cxd4 13. exd4 e4 14. Ng5 Nf6 15. d5 h6
16. Ne6 Bxe6 17. dxe6 Nh5 18. Bxg7 Nxg7 19. c5 d5 20. Nd4 Rf6 21. Qc1 g5 22. c6
bxc6 23. bxc6 Nxe6 24. Nxe6 Rxe6 25. c7 Qd7 26. h4 Rc6 27. Qd2 f4 28. Bb5 f3 29.
Bxc6 Qg4 30. Bxd5+ Kf8 31. g3 Qh3 32. Qf4+ gxf4 0-1

[Event "Titled Tue 27th May Early"]
[Site "chess.com INT"]
[Date "2025.05.27"]
[Round "2"]
[White "Danzer, George"]
[Black "Jimenez Salas, Maria Teresa"]
[Result "0-1"]
[WhiteTitle "CM"]
[BlackTitle "WIM"]
[WhiteElo "2172"]
[BlackElo "2137"]
[WhiteFideId "4659465"]
[BlackFideId "3843866"]
[EventDate "2025.05.27"]

1. e4 c5 2. Nf3 Nc6 3. d4 cxd4 4. Nxd4 Nf6 5. Nc3 d6 6. Bc4 e6 7. Be3 Be7 8. Rg1
O-O 9. g4 a6 10. g5 Nd7 11. a3 Nxd4 12. Qxd4 b5 13. Ba2 Ne5 14. Rg3 Bxg5 15. f4
Nc6 16. Qd2 Bh4 17. O-O-O Bxg3 18. hxg3 b4 19. axb4 Nxb4 20. Bb3 a5 21. Bc5 Bd7
22. Bxd6 Re8 23. e5 Bc6 24. f5 a4 25. Bc4 Nd5 26. Nxd5 exd5 27. Bxd5 Bxd5 28.
Qxd5 Qg5+ 29. Kb1 Qxf5 30. Qg2 Rac8 31. g4 Qg6 32. Rf1 Rc4 33. Rg1 Rec8 0-1

[Event "Titled Tue 27th May Early"]
[Site "chess.com INT"]
[Date "2025.05.27"]
[Round "2"]
[White "Rothuis, Vincent"]
[Black "Da Silva, Lucas Pereira Mendes"]
[Result "1-0"]
[WhiteTitle "IM"]
[WhiteElo "2346"]
[BlackElo "2122"]
[WhiteFideId "1011936"]
[BlackFideId "22718613"]
[EventDate "2025.05.27"]

1. e4 e6 2. Qe2 b6 3. f4 Ba6 4. d3 d5 5. exd5 Qxd5 6. Nc3 Bb4 7. Bd2 Bxc3 8.
Bxc3 Nf6 9. Nf3 c5 10. g4 Nc6 11. Bg2 Bb7 12. Ne5 Qd6 13. Nc4 Qe7 14. g5 Nd5 15.
Bxd5 exd5 16. Nd6+ Kd7 17. Nxb7 Qxe2+ 18. Kxe2 Rhe8+ 19. Kf2 d4 20. Bd2 Kc7 21.
Nxc5 bxc5 22. Rhe1 Ne7 23. Re5 Nc6 24. Rxc5 Kd6 25. Rc4 Rab8 26. b4 Rb5 27. a4
Rf5 28. b5 Ne5 29. Rxd4+ Kc5 30. Re4 Re6 1-0

[Event "Titled Tue 27th May Early"]
[Site "chess.com INT"]
[Date "2025.05.27"]
[Round "2"]
[White "Aslanov, Umid"]
[Black "Fisabilillah, Ummi"]
[Result "1-0"]
[WhiteTitle "FM"]
[BlackTitle "WIM"]
[WhiteElo "2324"]
[BlackElo "2115"]
[WhiteFideId "13412620"]
[BlackFideId "7104804"]
[EventDate "2025.05.27"]

1. e4 d6 2. d4 Nf6 3. Nc3 g6 4. f4 Bg7 5. Nf3 c6 6. Bd3 O-O 7. O-O Na6 8. a3 Nc7
9. Qe2 b5 10. Kh1 a5 11. e5 Nfd5 12. Nxd5 Nxd5 13. Be4 Rb8 14. c3 Bg4 15. h3
Bxf3 16. Qxf3 e6 17. Bd2 a4 18. Rae1 Qd7 19. Bxd5 cxd5 20. exd6 Qxd6 21. f5 e5
22. f6 e4 23. Qf4 Qxf4 24. Bxf4 Bh8 25. Bxb8 Rxb8 26. g4 Rb6 27. g5 h5 28. h4
Kf8 29. Rb1 Rc6 30. Kg2 Ke8 31. Kf2 Kd7 32. Ke3 Rc4 33. Rfc1 Rc6 34. b3 Ra6 35.
bxa4 Rxa4 36. Rxb5 Rxa3 37. Rxd5+ Ke6 38. Re5+ Kd6 39. Re8 1-0

[Event "Titled Tue 27th May Early"]
[Site "chess.com INT"]
[Date "2025.05.27"]
[Round "2"]
[White "Veiga, Jose Francisco R P Neves"]
[Black "Budhidharma, Nayaka"]
[Result "0-1"]
[WhiteTitle "IM"]
[BlackTitle "IM"]
[WhiteElo "2389"]
[BlackElo "2390"]
[WhiteFideId "1930087"]
[BlackFideId "7106955"]
[EventDate "2025.05.27"]

1. e4 g6 2. Nf3 Bg7 3. g3 c5 4. Bg2 d6 5. O-O Nf6 6. Nc3 O-O 7. d4 cxd4 8. Nxd4
a6 9. h3 Nc6 10. Nde2 Qa5 11. Bd2 Qb6 12. Be3 Qa5 13. a4 Be6 14. Nd5 Bxd5 15.
exd5 Ne5 16. b3 Qc7 17. c4 Ned7 18. Rc1 Rab8 19. Nd4 Nh5 20. Re1 Rfe8 21. g4
Nhf6 22. f4 e5 23. dxe6 fxe6 24. Bf2 e5 25. fxe5 dxe5 26. Nc2 Rbd8 27. Nb4 e4
28. Nd5 Qc6 29. g5 Nh5 30. Rxe4 Rxe4 31. Bxe4 Qe6 32. Qg4 Qf7 33. Rf1 Rf8 34.
Qg2 Kh8 35. Ba7 Qxf1+ 36. Qxf1 Rxf1+ 37. Kxf1 Ng3+ 38. Kg2 Nxe4 0-1

[Event "Titled Tue 27th May Early"]
[Site "chess.com INT"]
[Date "2025.05.27"]
[Round "2"]
[White "Iljin, Timofey"]
[Black "Bluebaum, Matthias"]
[Result "0-1"]
[WhiteTitle "IM"]
[BlackTitle "GM"]
[WhiteElo "2242"]
[BlackElo "2660"]
[WhiteFideId "14110180"]
[BlackFideId "24651516"]
[EventDate "2025.05.27"]

1. e4 e6 2. Nc3 d5 3. g3 dxe4 4. Nxe4 Bd7 5. Bg2 Bc6 6. Ne2 f5 7. Nf4 Bxe4 8.
Bxe4 fxe4 9. Qh5+ Kd7 10. d3 Nf6 11. Qb5+ Kc8 12. dxe4 Qd7 13. Qb3 Nc6 14. Be3
Nxe4 15. Rd1 Bd6 16. O-O b6 17. Nxe6 Re8 18. Nf4 Kb7 19. Nd3 Qe6 20. Qa4 Qf5 21.
b4 Nc3 22. Qb3 Nxd1 23. Rxd1 Rad8 24. a4 Qe4 25. a5 Ne5 26. Nxe5 Bxe5 27. Rb1
Qf3 28. axb6 axb6 29. b5 Bd4 30. Qa4 Rxe3 31. Qa6+ Kb8 0-1

[Event "Titled Tue 27th May Early"]
[Site "chess.com INT"]
[Date "2025.05.27"]
[Round "2"]
[White "Marchesich, Giovanni"]
[Black "Cernov, Henrik"]
[Result "0-1"]
[WhiteTitle "CM"]
[BlackTitle "FM"]
[WhiteElo "2219"]
[BlackElo "2325"]
[WhiteFideId "2824790"]
[BlackFideId "16258312"]
[EventDate "2025.05.27"]

1. d4 Nf6 2. Nc3 d5 3. Bf4 e6 4. Nb5 Bb4+ 5. c3 Ba5 6. a4 a6 7. Na3 c6 8. e3 Bc7
9. Nf3 O-O 10. Bd3 Nbd7 11. Ne5 Ne4 12. Qh5 Nxe5 13. dxe5 f5 14. Rg1 g6 15. Qh6
Qe7 16. g4 Qg7 17. gxf5 exf5 18. Qxg7+ Kxg7 19. h4 Re8 20. c4 Nc5 21. Bc2 Bxe5
22. Bxe5+ Rxe5 23. cxd5 Rxd5 24. Ke2 Be6 25. h5 Rad8 26. Rad1 Ne4 27. Rxd5 Rxd5
28. Bxe4 fxe4 29. hxg6 hxg6 30. Nc4 Rc5 31. Nd2 Rc2 32. b4 Bc4+ 33. Kd1 Bd3 34.
Rg4 Rb2 35. b5 axb5 36. axb5 cxb5 37. Nxe4 Rb4 38. Nf6 Rb1+ 39. Kd2 Bf5 40. Nh5+
Kh6 41. Rb4 Rxb4 0-1

[Event "Titled Tue 27th May Early"]
[Site "chess.com INT"]
[Date "2025.05.27"]
[Round "2"]
[White "Lee, Kyungseok"]
[Black "Lewicki, Miroslaw"]
[Result "0-1"]
[WhiteTitle "CM"]
[BlackTitle "IM"]
[WhiteElo "2072"]
[BlackElo "2317"]
[WhiteFideId "13202154"]
[BlackFideId "1113380"]
[EventDate "2025.05.27"]

1. d4 Nf6 2. c4 e6 3. Nf3 d5 4. Nc3 Be7 5. Bf4 O-O 6. e3 b6 7. cxd5 exd5 8. Bd3
Bb7 9. O-O c5 10. Qe2 Nbd7 11. Rfd1 h6 12. Ne5 Re8 13. Bb5 a6 14. Nc6 Qc8 15.
Nxe7+ Rxe7 16. Bxd7 Qxd7 17. h3 c4 18. Be5 Qe6 19. Qf3 Nd7 20. Bg3 b5 21. Ne2 b4
22. Rac1 Nf6 23. Bh4 g5 24. Bg3 a5 25. Be5 Nd7 26. Bh2 f5 27. Ng3 Rf8 28. a3 f4
29. exf4 Rxf4 30. Qh5 Ba6 31. axb4 axb4 32. Re1 Qxe1+ 33. Rxe1 Rxe1+ 34. Nf1 Rf6
35. Be5 Re6 36. Qg4 Re7 37. Bd6 Rf7 38. f3 c3 0-1

[Event "Titled Tue 27th May Early"]
[Site "chess.com INT"]
[Date "2025.05.27"]
[Round "2"]
[White "Zozek Salah Mohammed"]
[Black "Bukreev, Stanislav"]
[Result "0-1"]
[WhiteTitle "FM"]
[BlackTitle "FM"]
[WhiteElo "2205"]
[BlackElo "2328"]
[WhiteFideId "4803361"]
[BlackFideId "34252347"]
[EventDate "2025.05.27"]

1. d4 e6 2. Nf3 Nf6 3. g3 b5 4. Bg2 Bb7 5. O-O Be7 6. a4 b4 7. c3 O-O 8. cxb4
Bxb4 9. Bg5 h6 10. Bxf6 Qxf6 11. Nc3 d6 12. Re1 a5 13. e4 Nd7 14. e5 Qe7 15. Rc1
Rfc8 16. Qe2 Bxf3 17. Bxf3 d5 18. Red1 c5 19. Nb5 cxd4 20. Nxd4 Qg5 21. Nc6 Bc5
22. Qb5 Nxe5 23. Qxc5 Rxc6 24. Qe3 Qxe3 25. fxe3 Rxc1 0-1

[Event "Titled Tue 27th May Early"]
[Site "chess.com INT"]
[Date "2025.05.27"]
[Round "2"]
[White "Weetik, Vjacheslav"]
[Black "Zhauynbay, Alimzhan"]
[Result "1/2-1/2"]
[WhiteTitle "FM"]
[BlackTitle "CM"]
[WhiteElo "2423"]
[BlackElo "2077"]
[WhiteFideId "4153472"]
[BlackFideId "13782657"]
[EventDate "2025.05.27"]

1. d4 Nf6 2. c4 g6 3. g3 Bg7 4. Bg2 c5 5. Nf3 Qa5+ 6. Bd2 Qb6 7. dxc5 Qxc5 8.
Qc2 O-O 9. O-O d5 10. Rc1 Bf5 11. Qb3 dxc4 12. Rxc4 Qd5 13. Nc3 Qd7 14. Ne5 Qxd2
15. Qxb7 Nbd7 16. Nxd7 Qxd7 17. Qxd7 Nxd7 18. Bxa8 Rxa8 19. Nd5 Kf8 20. Rac1 Nb6
21. Nxb6 axb6 22. Rb4 Rxa2 23. Rxb6 Bxb2 24. Rd1 Bf6 25. e3 Kg7 26. h4 Be4 27.
Rb4 Bf3 28. Rc1 h5 29. Rf4 Bd5 30. Rd1 Be6 31. Rb4 Be5 32. Re4 Bd6 33. Red4 Kf6
34. Rc1 Be5 35. Rb4 Bd6 36. Rd4 Kg7 37. Rcd1 Rb2 38. Rc1 Ra2 39. Rcd1 1/2-1/2

[Event "Titled Tue 27th May Early"]
[Site "chess.com INT"]
[Date "2025.05.27"]
[Round "2"]
[White "Aung Thant Zin"]
[Black "Ramos Espinoza, Efren Andres"]
[Result "0-1"]
[WhiteTitle "FM"]
[BlackTitle "FM"]
[WhiteElo "2268"]
[BlackElo "2104"]
[WhiteFideId "13000063"]
[BlackFideId "6100538"]
[EventDate "2025.05.27"]

1. e4 e5 2. Nf3 Nc6 3. d4 exd4 4. Nxd4 Bc5 5. Be3 Qf6 6. c3 Qg6 7. Nd2 Nge7 8.
Qf3 Bb6 9. Qg3 d6 10. Qxg6 hxg6 11. O-O-O Bd7 12. Bc4 Ne5 13. Bb3 Ng4 14. Nf1
Nc6 15. h3 Na5 16. Rg1 Nxb3+ 17. axb3 Nxe3 18. Nxe3 O-O 19. Nd5 Rfe8 20. f3 f5
21. exf5 gxf5 22. Nxb6 axb6 23. Kc2 c5 24. Rge1 cxd4 25. Rxe8+ Rxe8 26. Rxd4
Re2+ 27. Kc1 Rxg2 28. Rxd6 Bc6 29. f4 Be4 30. Rd7 Rc2+ 31. Kd1 Rxb2 32. Rd6 Rxb3
33. Kd2 Rb2+ 34. Ke3 Rh2 35. Rxb6 Rxh3+ 36. Kd4 Rd3+ 37. Ke5 Rxc3 38. Rd6 Rc5+
39. Ke6 Rc6 0-1

[Event "Titled Tue 27th May Early"]
[Site "chess.com INT"]
[Date "2025.05.27"]
[Round "2"]
[White "Daulet, Alikhan"]
[Black "Felix, Raphael"]
[Result "0-1"]
[WhiteTitle "CM"]
[BlackTitle "CM"]
[WhiteElo "2100"]
[BlackElo "2201"]
[WhiteFideId "13741632"]
[BlackFideId "14339544"]
[EventDate "2025.05.27"]

1. d4 d5 2. c4 e6 3. Nc3 Nf6 4. cxd5 exd5 5. Bg5 c6 6. e3 Be7 7. Bd3 O-O 8. Nge2
h6 9. Bh4 a5 10. O-O Re8 11. f3 Na6 12. a3 Nc7 13. e4 dxe4 14. fxe4 Bg4 15. e5
Nfd5 16. Bxe7 Qxe7 17. Qd2 Rad8 18. Rae1 c5 19. Kh1 Nxc3 20. bxc3 Bxe2 21. Bxe2
cxd4 22. cxd4 Qxa3 23. Bc4 Ne6 24. d5 Qc5 25. Qa2 Ng5 26. h4 b5 27. hxg5 Qxc4
28. Qxc4 bxc4 29. gxh6 Rxd5 30. hxg7 Kxg7 31. Rc1 Rc5 32. Rf4 c3 33. Rf3 c2 34.
Rf2 Rec8 35. Kg1 a4 36. Kf1 a3 37. Rf3 Rc3 38. Ke2 Rxf3 39. gxf3 a2 40. Kd2 Kg6
41. Ra1 c1=Q+ 42. Rxc1 Rxc1 43. Kxc1 a1=Q+ 0-1

[Event "Titled Tue 27th May Early"]
[Site "chess.com INT"]
[Date "2025.05.27"]
[Round "2"]
[White "Gutierrez Olivares, Daniel"]
[Black "Gonzalez Vega, Alejandro"]
[Result "1-0"]
[WhiteTitle "FM"]
[BlackTitle "FM"]
[WhiteElo "2354"]
[BlackElo "2092"]
[WhiteFideId "2264005"]
[BlackFideId "3510042"]
[EventDate "2025.05.27"]

1. Nf3 d5 2. c4 e6 3. g3 Nf6 4. Bg2 Be7 5. b3 O-O 6. Bb2 a5 7. Na3 c6 8. Nc2
Nbd7 9. d3 Re8 10. O-O Bf8 11. a3 e5 12. Nd2 Bd6 13. e4 Nc5 14. Qe2 d4 15. h3
Nfd7 16. f4 f6 17. f5 Nf8 18. g4 b5 19. h4 Rb8 20. Bc1 Be7 21. b4 Na4 22. c5 Nc3
23. Qf2 h6 24. Nf3 Nh7 25. Kh1 Rf8 26. Rg1 Kh8 27. Bf1 Rg8 28. Rg3 Bd7 29. Qh2
Be8 30. g5 fxg5 31. hxg5 Bf8 32. g6 Nf6 33. Ng5 Rb7 34. Ne6 Bxg6 35. Nxd8 Rd7
36. Nxc6 1-0

[Event "Titled Tue 27th May Early"]
[Site "chess.com INT"]
[Date "2025.05.27"]
[Round "2"]
[White "Leinov, Roman"]
[Black "Karpenko, Anton"]
[Result "0-1"]
[WhiteTitle "CM"]
[BlackTitle "CM"]
[WhiteElo "2120"]
[BlackElo "2218"]
[WhiteFideId "13504649"]
[BlackFideId "34374353"]
[EventDate "2025.05.27"]

1. Nf3 c5 2. g3 b6 3. Bg2 Bb7 4. O-O Nf6 5. Re1 e6 6. d3 Be7 7. e4 d6 8. Nbd2
O-O 9. Nf1 Nbd7 10. h4 h6 11. b3 b5 12. N1h2 Qc7 13. g4 Rfd8 14. g5 hxg5 15.
hxg5 Nh7 16. g6 fxg6 17. Bh3 Ndf8 18. Bf4 Nf6 19. Ng5 Bc8 20. e5 Nh5 21. exd6
Bxd6 22. Bxd6 Rxd6 23. Qf3 Bb7 24. Qg4 Re8 25. Nhf3 e5 26. Nxe5 Rd4 27. Qd1 Rxe5
28. Ne6 Nxe6 29. Bxe6+ Kh7 30. Bg4 Rg5 31. f3 Bxf3 32. Qxf3 Rdxg4+ 33. Kf1 Rf4
34. Re3 Rxf3+ 35. Rxf3 Qh2 36. Re1 Rg1# 0-1

[Event "Titled Tue 27th May Early"]
[Site "chess.com INT"]
[Date "2025.05.27"]
[Round "2"]
[White "Do Carmo, Gabriel Carckeno"]
[Black "Aarav Sinha"]
[Result "0-1"]
[BlackTitle "FM"]
[WhiteElo "2021"]
[BlackElo "2255"]
[WhiteFideId "22783024"]
[BlackFideId "25674064"]
[EventDate "2025.05.27"]

1. c4 e6 2. Nf3 d5 3. e3 Nf6 4. b3 Be7 5. Bb2 O-O 6. Nc3 b6 7. Qc2 Bb7 8. d4 c5
9. Bd3 dxc4 10. bxc4 Bxf3 11. gxf3 cxd4 12. exd4 Nc6 13. O-O-O Nb4 14. Qb1 Nxd3+
15. Qxd3 Rc8 16. Kb1 Qc7 17. d5 Qxc4 18. d6 Qxd3+ 19. Rxd3 Bd8 20. Nb5 a6 21.
Na7 Rc4 22. d7 Rc7 23. Bxf6 Rxa7 24. Bxd8 Rxd8 25. Rc1 Kf8 0-1

[Event "Titled Tue 27th May Early"]
[Site "chess.com INT"]
[Date "2025.05.27"]
[Round "2"]
[White "Nouali, Mohamed"]
[Black "Pournami S"]
[Result "1-0"]
[WhiteTitle "FM"]
[BlackTitle "WCM"]
[WhiteElo "2157"]
[BlackElo "1782"]
[WhiteFideId "5502462"]
[BlackFideId "25732439"]
[EventDate "2025.05.27"]

1. e4 c5 2. Nf3 d6 3. d4 cxd4 4. Nxd4 Nf6 5. Nc3 a6 6. Bc4 e6 7. Bb3 Be7 8. g4
O-O 9. g5 Nfd7 10. h4 b5 11. Qh5 Nc5 12. Be3 b4 13. Na4 Bb7 14. f3 Nxb3 15. axb3
d5 16. e5 Nc6 17. f4 Qc7 18. Qe2 Rac8 19. O-O-O Nxd4 20. Bxd4 Bc6 21. Kb1 Qa5
22. Bb6 Qb5 23. Qg4 Rb8 24. Bd4 Qa5 25. g6 h6 26. f5 exf5 27. Qxf5 Bxa4 28. bxa4
fxg6 29. Qe6+ Rf7 30. Rhf1 Rf8 31. Rxf7 Rxf7 32. Rf1 b3 33. Qxf7+ Kh7 34. cxb3
Qb4 35. h5 gxh5 36. Qf5+ Kg8 37. Qd3 a5 38. e6 h4 39. Rf7 1-0